Efecto de tres sistemas de labranza y una enmienda sobre la densidad de inóculo de Sclerotium cepivorum y el manejo de la pudrición blanca de cebolla en Costa Rica
Сохранить в:
| Главный автор: | |
|---|---|
| Формат: | |
| Опубликовано: |
San José, C.R.
1997
|
| Предметы: | |
| Метки: |
Добавить метку
Нет меток, Требуется 1-ая метка записи!
|
MARC
| LEADER | 00000nam a2200000Ia 4500 | ||
|---|---|---|---|
| 003 | 010198 | ||
| 005 | 20221231144212.0 | ||
| 008 | 140114s1997 c a m 000 ||s d | ||
| 040 | |c cru CEDI | ||
| 090 | |a TFG 4071 | ||
| 100 | |a Mesén Vega, Rafael |9 8396 | ||
| 245 | |a Efecto de tres sistemas de labranza y una enmienda sobre la densidad de inóculo de Sclerotium cepivorum y el manejo de la pudrición blanca de cebolla en Costa Rica | ||
| 260 | |c 1997 |a San José, C.R. | ||
| 300 | |a San José, C.R., 1997. | ||
| 500 | |a Tesis (magister scientiae)--Universidad de Costa Rica. Sistema de Estudios de Posgrado. Comisión del Programa de Posgrado en Ciencias Agrícolas y Recursos Naturales | ||
| 650 | |x CEBOLLAS - CULTIVO |x CEBOLLAS - ENFERMEDADES Y PLAGAS |x SISTEMAS DE CULTIVO |x LABRANZA |9 8397 | ||
| 942 | |c TFG | ||
| 999 | |c 18371 |d 18371 | ||
